LEADER 01605nam a2200349 u 4500 001 000000008794 003 CaOOAMICUS 005 20070226105131.0 008 940516s1992 it u000 u ita u 020 $a8834317335 035 $a10225946 040 $aPUL(R)$bita 041 1 $aita$agrc 100 1 $aLonginus, Cassius,$dc. 213-270$kOpere spurie e dubbie.$0(OLS)http://pul/name/3531 240 10$aDe sublimitate$9(Longinus, sec. I. Opere spurie e dubbie).$lItaliano e greco.$0(OLS)http://pul/title/12876 245 10$aDel sublime /$cDionisio Longino ; introduzione, testo critico, traduzione e commentario a cura di Carlo Maria Mazzucchi. 260 $aMilano :$bVita e pensiero,$c1992. 300 $alxxiv, 363 p. ;$c24 cm 490 1 $aBiblioteca di Aevum antiquum ;$v4 500 $aTesto greco e trad. italiana a fronte. 500 $aContiene indici. 504 $aBibliografia: p. [xliii]-lxxiv. 600 04$aLonginus,$dsec. I.$kOpere spurie e dubbie.$0(OLS)http://pul/subject/7386 650 4$aRetorica antica.$0(OLS)http://pul/subject/759 700 1 $aMazzucchi, Carlo Maria,$d1952-$0(OLS)http://pul/name/8744 830 0$aBiblioteca di Aevum antiquum ;$v4.$0(OLS)http://pul/title/2063 850 $aPUL 852 $aPUL$W1$xDP1 Cons. Gen., Altre Classi 1$y22$m388 S 4$j12413$nBK-PRI$b $qStampati$B12413$CPULBib$Z2$F12413 $H69356 $81 941 1 $a8 996 $6020$a8834317335$9(OLS)http://pul/number/11330 996 $6245$aDel sublime$9(OLS)http://pul/title/12877 996 $6260$aMilano :$bVita e pensiero$9(OLS)http://pul/publisher/48016 LEADER 01402nam a2200301 u 4500 001 000000023609 003 CaOOAMICUS 005 20121121124226.0 008 950610s1990 it f u000 u ita u 020 $a8821519155 035 $a10593574 040 $aPUL$bita 245 00$aDalle missioni alle chiese locali (1846-1965) /$cA cura di Josef Metzler. 260 $aMilano :$bEdizioni Paoline,$cc1990. 300 $a708 p. :$bill. ;$c25 cm 490 1 $aStoria della Chiesa ;$v24 504 $a"Bibliografia generale": p. [13]-18. 650 4$aChiesa$zStoria$ySec. XIX$xFonti.$0(OLS)http://pul/subject/14472 700 1 $aMetzler, Josef,$cO.M.I.,$d1921-$0(OLS)http://pul/name/5030 830 0$aStoria della Chiesa (Edizioni paoline) ;$v24.$0(OLS)http://pul/title/21653 830 0$aStoria della Chiesa dalle origini fino ai giorni nostri (Fliche - Martin).$0(OLS)http://pul/title/166079 850 $aPUL 852 $aPUL$W1$xSL Cons. Gen., Altre Classi 1$y1$m1395 B 1.24$j128460$nBK-PRI$qStampati$B33107$CPULBib$Z2$F33107 $H68022 $81 941 1 $a8 983 0$aStoria della Chiesa dalle origini fino ai giorni nostri (S.A.I.E.) 996 $6020$a8821519155$9(OLS)http://pul/number/29697 996 $6245$aDalle missioni alle chiese locali (1846-1965)$9(OLS)http://pul/title/32804 996 $6260$aMilano :$bEdizioni Paoline$9(OLS)http://pul/publisher/51378